| 000 | 00670ntaaa2200217 4500 | ||
|---|---|---|---|
| 003 | 01 | ||
| 005 | 20251027202930.0 | ||
| 008 | 0714s1973 ag 01 | ||
| 020 | _a9504306810 | ||
| 040 |
_aAR-BaBN _bspa _cAR-BaBN _eaacr _dRIC |
||
| 082 | _a922.6000 M77d | ||
| 100 |
_aVartanian Ocanto, Jacobo _929916 |
||
| 245 | _aDios quiere usarme | ||
| 250 | _a2 ed. | ||
| 260 |
_aBuenos Aires : _bJacobo Vartanian Ocanto, _c1985 |
||
| 300 |
_a156 p ; _c18 cm |
||
| 500 | _aUna primera edicion de este libro se imprimio en 1961 con el título "Un hombre enteramente consagrado". | ||
| 650 |
_aMoody, Dwight L _929917 |
||
| 650 |
_abiografía-Moody, Dwight L _929918 |
||
| 942 | _cBK | ||
| 999 |
_c24580 _d24580 |
||